| 000 | 003470000a22001450004500 | ||
|---|---|---|---|
| 001 | 002510 | ||
| 003 | MACL | ||
| 040 | _aMACL | ||
| 090 |
_c14503 _d14502 |
||
| 100 | _aBhatt, G.P. | ||
| 245 |
_aAncient indian Traditional & Mythology Vol 60 _cG.P. Bhatt |
||
| 260 |
_aMotilal Banarsidass Publisher, _c1997 |
||
| 650 | _aReligion | ||
| 942 |
_k295 _cBook |
||
| 999 |
_c14421 _d14421 |
||